00676nam a2200229 a 450000100090000000800410000904000230005008200140007310000270008724500720011425000120018626000460019830000250024450400300026952000210029955600150032065000360033565000330037165300170040499900170042152600080043800000512110328s1987 ii a g 000 0 eng d aBD-DhIUBcBD-DhIUB04a005.32191 aChabris, Christopher F00aArtificial intelligence and turbo pascal /cChristopher F Chabris  a1st ed. aNew Delhi :bGalgotia Publicatons,c1987. a(14), 314 p. :bill. aBibliography : p. 227-2650 aComputer Science a1993-11-2217aArtificial intelligence2Spines17aComputer programming2Spines00aTurbo Pascal c10381d10381 bcse